000 00627cam a22002411 4500
001 465709
003 ARRUPE
005 20140111020020.0
008 860425s1962 nyu 000 0 eng d
035 _a(OCoLC)363319
035 _a(OCoLC)ocm00363319
035 _a(CStRLIN)NYCG86-B42554
035 _a(NNC)465709
040 _aNNC
_cNNC
100 1 _aWhite, Patrick,
_d1912-1990.
_93397
245 1 4 _aThe aunt's story.
260 _aNew York,
_bViking Press
_c[1962]
300 _a281 p.
490 1 _aCompass books ;
_vC106
830 0 _aCompass books ;
_vC106.
_93398
942 _2lcc
_cMONOGRAPH
_01
999 _c118552
_d118552